| 000 | 01264nam a22002297a 4500 | ||
|---|---|---|---|
| 001 | 9649 | ||
| 003 | FISKH | ||
| 005 | 20260128092125.0 | ||
| 008 | 260128b cb ||||| |||| 00| 0 eng d | ||
| 020 | _a9780571365449 | ||
| 040 |
_aFISKH _beng _cFISKH _dFISKH |
||
| 050 | _aPR6118 .O59 .B43 | ||
| 082 | _a823.92 | ||
| 100 | _aRooney, Sally | ||
| 245 |
_aBeautiful world, where are you / _cSally Rooney |
||
| 260 |
_aLondon : _bFaber, _c2021. |
||
| 300 | _a337 pages : 20 cm | ||
| 520 | _aAlice, a novelist, meets Felix, who works in a warehouse, and asks him if he'd like to travel to Rome with her. In Dublin, her best friend, Eileen, is getting over a break-up, and slips back into flirting with Simon, a man she has known since childhood. Alice, Felix, Eileen, and Simon are still young but life is catching up with them. They desire each other, they delude each other, they get together, they break apart. They have sex, they worry about sex, they worry about their friendships and the world they live in. Are they standing in the last lighted room before the darkness, bearing witness to something? Will they find a way to believe in a beautiful world? | ||
| 650 |
_aRelationships _vIrish Literature _xFriendship |
||
| 942 |
_2ddc _cBK _n0 |
||
| 999 |
_c9649 _d9649 |
||